|
|
|
|
| LEADER |
01514nam a2200313 a 4500 |
| 001 |
33879 |
| 003 |
BD-DhAAL |
| 005 |
20211123114523.0 |
| 008 |
181022t2012 bg ||||| |||| 001 0 eng d |
| 999 |
|
|
|c 40106
|d 40106
|
| 040 |
|
|
|a BD-DhAAL
|
| 082 |
|
|
|a 914.20485
|
| 100 |
|
|
|a l’tesamuddin, Mirza Sheikh
|9 28546
|
| 245 |
|
|
|a The Wonders of Vilayet :
|b being the memoir, originally in Persian, of a visit to France and Britain by Mirza Sheikh Iʻtesamuddin, an eighteenth century Indian gentleman /
|c Mirza Sheikh l’tesamuddin; translated, with an introduction by Kaiser Haq
|
| 250 |
|
|
|a First Bangladesh edition 2012
|
| 260 |
|
|
|a Dhaka :
|b Writers.ink ;
|b Chronicle Books,
|c 2012
|
| 300 |
|
|
|a 156 pages :
|c 22 cm.
|
| 500 |
|
|
|a Includes index.
|
| 526 |
|
|
|a ENH
|
| 541 |
|
|
|a Development Book Agency
|e 33879
|
| 600 |
|
|
|a I'tesamuddin, -- Mirza Sheikh,
|d approximately 1730-approximately 1800
|x Travel
|z France.
|9 28547
|
| 600 |
|
|
|a I'tesamuddin, -- Mirza Sheikh,
|d approximately 1730-approximately 1800
|x Travel
|z Great Britain.
|9 28548
|
| 650 |
|
|
|a English literature
|9 43036
|
| 651 |
|
|
|a Great Britain
|x Description and travel.
|9 28549
|
| 651 |
|
|
|a France
|x Description and travel.
|9 28550
|
| 700 |
|
|
|a Haq, Kaiser
|9 28551
|
| 852 |
|
|
|a Ayesha Abed Library
|c General Stacks
|
| 942 |
|
|
|2 ddc
|c BK
|
| 952 |
|
|
|0 0
|1 0
|2 ddc
|4 0
|6 914_204850000000000_ITE
|7 0
|9 64493
|a BRACUL
|b BRACUL
|c GEN
|d 2018-10-16
|e Development Book Agency
|g 337.00
|l 1
|m 22
|o 914.20485 ITE
|p 3010033879
|q 2025-12-31
|r 2023-06-08
|s 2023-06-08
|t 1
|v 337.00
|w 2018-10-16
|y BK
|